| 000 -ლიდერი |
| ფიქსირებული სიგრძის საკონტროლო ველი |
01159nam a2200241Ia 4500 |
| 001 - საკონტროლო ნომერი |
| საკონტროლო ველი |
16210 |
| 003 - საკონტროლო ნომრის იდენტიფიკატორი |
| საკონტროლო ველი |
GE_BSU |
| 005 - ბოლო ოპერაციის თარიღი და დრო |
| საკონტროლო ველი |
20250410171626.0 |
| 008 - ფიქსირებული სიგრძის მონაცემთა ელემენტები - ზოგადი ინფორმაცია |
| ფიქსირებული სიგრძის საკონტროლო ველი |
181216s2014||||ge |||||||||||||| ||geo|| |
| 020 ## - წიგნის საერთაშორისო სტანდარტული ნომერი |
| International Standard Book Number |
9789941450419 |
| 040 ## - კატალოგიზაციის წყარო |
| Transcribing agency |
GE_BSU |
| 041 ## - ენის კოდი |
| Language code of text/sound track or separate title |
geo |
| 080 ## - უნივერსალური ათობითი კლასიფიკაციის ინდექსი |
| Universal Decimal Classification number |
616+516.1 მ-13 |
| 100 ## - მთავარი ჩანაწერი - პიროვნების სახელი |
| Personal name |
მაგაზანიკ, ნ.ა |
| 9 (RLIN) |
24728 |
| 245 ## - ცნობა სათაურის შესახებ |
| Title |
დიაგნოსტიკა ანალიზების გარეშე,მკურნალობა მედიკამენტების გარეშე / |
| Statement of responsibility, etc |
ნ. ა. მაგაზანიკ; მთარგმნელი ჯიმშერ ლეჟავა. |
| 264 ## - წარმოების, გამოცემის, დისტრიბუციის და სხვა ცნობები |
| გამოცემის, წარმოების, დისტრიბუციის... ადგილი |
თბილისი, |
| გამოცემის, წარმოების, დისტრიბუციის... თარიღი |
2014. |
| 300 ## - ფიზიკური აღწერა |
| Extent |
380 გვ.; |
| Other physical details |
21სმ. |
| 653 ## - INDEX TERM--UNCONTROLLED |
| Uncontrolled term |
მედიცინა |
| 653 ## - INDEX TERM--UNCONTROLLED |
| Uncontrolled term |
შინაგან ორგანოთა დაავადებების დიაგნოსტიკა |
| 653 ## - INDEX TERM--UNCONTROLLED |
| Uncontrolled term |
შინაგან ორგანოთა დაავადებების მკურნალობა |
| 700 ## - ADDED ENTRY--PERSONAL NAME |
| Personal name |
ლეჟავა, ჯიმშერ |
| Relator term |
მთარგმნელი |
| 9 (RLIN) |
24758 |
| 942 ## - ADDED ENTRY ELEMENTS (KOHA) |
| Koha item type |
წიგნი |
| Source of classification or shelving scheme |
|